000 00390pab a2200169 454500
008 180718b2013 xxu||||| |||| 00| 0 eng d
100 _aDugar, B.R.
245 _aGandhi and Jainism
260 _c2013
300 _ap.319-322.
362 _aApr-Jun
650 _aJainism
650 _aGandhi, M.K.
773 _aIndian Journal of Political Science
908 _aN
909 _a106066
999 _c106061
_d106061